Matériel de traitement des fibres longues

Bewaard in:
Bibliografische gegevens
Hoofdauteur: D Faunce
Formaat: Boek
Taal:Undetermined
Gepubliceerd in: Rome FAO 1954
Onderwerpen:
Tags: Voeg label toe
Geen labels, Wees de eerste die dit record labelt!
Thư viện lưu trữ: Trung tâm Học liệu Trường Đại học Cần Thơ
LEADER 00484nam a2200181Ia 4500
001 CTU_13112
008 210402s9999 xx 000 0 und d
082 |a 633.5 
082 |b F256 
100 |a D Faunce 
245 0 |a Matériel de traitement des fibres longues 
245 0 |c D Faunce, FAO 
260 |a Rome 
260 |b FAO 
260 |c 1954 
650 |a fiber plants 
904 |i Nguyễn Quang Điền, 961122 
980 |a Trung tâm Học liệu Trường Đại học Cần Thơ